NLW Beginner Tiers - Statistics

General Stats
  • This quiz has been taken 25 times
    14 since last reset
  • The average score is 36 of 156
Answer Stats
NLW Skillsets Level Name % Correct
All-around Acu
89%
Ship/wave Cataclysm
89%
Ship, UFO, unbalanced 8o X
78%
Learny, high CPS 9blue
78%
Unbalanced Allegiance
67%
Ship, swingcopter Red World
67%
Learny, high CPS ZOOOOOOOOOOOOOOOOOOM
67%
Learny, unbalanced ABSURDIA
56%
Ship/wave Azurite
56%
Timings, ship Backlights
56%
All-around, 20/20 vision BLACKLIGHTS
56%
Nerve control, don't fall asleep Dark Odyssey
56%
Ship Ion
56%
Nerve control, no really seriously Light Travel
56%
NONG, learny niwa
56%
NONG, learny, jank, unbalanced Pentakill
56%
Unbalanced AcropoliX
44%
Duals, Learny, Timings Aimbotter Force
44%
Unbalanced, 4% Castling
44%
All-around HyperSonic
44%
Learny, timings La Llorona
44%
Memory, timings Lost Love
44%
Take A Wild Guess Miscellaneous Memory
44%
Learny, timings, ship phantasmagoria
44%
Timings Phantasmagoria
44%
High CPS, learny the super hotdog
44%
NONG, memory troll level
44%
Consanstency UltraSans
44%
Timings Anya III
33%
Consistency, unbalanced Corrosion
33%
Ship/wave, jank Cosmorush 21
33%
NONG, learny, high CPS CYCLONE
33%
Unbalanced, YO! Deception Dive
33%
Duals Falling Up
33%
Learny, duals Final Epilogue
33%
All-around, unbalanced Komodo
33%
Learny, unbalanced, bugs jank Make It Drop
33%
Timings, ship Polish Alphabet
33%
Timings, ship Robi
33%
All-around STRATUS
33%
Don't Fall Asleep The Lost Existence
33%
Timings Thunder Alphabet
33%
Timings, memory XxXxXxXxXxX
33%
Learny, wave aether
22%
Wave Air Tech
22%
Wave, bart Artificial Climb
22%
All-around Awakening Horus
22%
"NONG", timings, duals Boreas
22%
Don't fall asleep, ship Brimtanic Paradise
22%
Ship/wave, timings Cerebral Torment
22%
Nerve control, chokepoints CICADA3302
22%
NONG, nerve control, 2.2, horror CITYFADE
22%
High CPS, learny Delirium Tremens
22%
NONG, learny Duplication
22%
All-around, duals Eraser
22%
Learny FIREPOWER
22%
UFO, 2-player Flappy Dynamix II
22%
Ship/wave Forbidden Isle
22%
NONG, Consistency Freedom16
22%
All-around, learny Generic Glow Level
22%
Timings GLISTEN
22%
NONG, ship, timings Hidden in the Sand
22%
Unbalanced, learny, ship High Heat
22%
NONG, Consistency IDOL19
22%
All-around Incipient
22%
Unbalanced JeonGi
22%
fucked up evil ozpectro lezicuv
22%
Ship MELTDOWN
22%
Learny memories III
22%
Memory, Timings Mind Machine
22%
Don't fall asleep NIGHTLIGHTS
22%
All-around night party
22%
Timings, wave Ogue
22%
Insane level design Place
22%
All-around Precipitance
22%
Timings, wave Prismatic
22%
NONG, Memory Pro Lov Ad
22%
All-around Realtered
22%
Learny, wave Sephtis
22%
no info! Shotgun
22%
Memory, learny, brain, intuition SIGSEGV
22%
All-around Tesseract
22%
Ship The Flawless
22%
Wave, unbalanced Torgue
22%
Learny Turnt Temp
22%
NONG, learny Unknown Civilization
22%
Timings, wave, unbalanced White Album
22%
NONG, learny, timings Witching Hour
22%
NONG, learny Yggdrasil
22%
Memory Clock tower
11%
Overall, cold Cold Level Go BRRRR
11%
Unbalanced, ship/wave, jank Daybreak
11%
NONG, learny, high CPS Devils Disco
11%
Timings, learny Dismal Duststorm
11%
High CPS, wave Disruption
11%
Timings, ship/wave, learny Dreamer
11%
Unbalanced, wave Empanadas Fugaces
11%
Memory, learny, unbalanced encroaching dark
11%
Slightly korean, consistency FinKor
11%
Unbalanced Fishe
11%
Timings, one ball click in particular FISH FISH GODMODE
11%
Learny, wave Frenzy
11%
High CPS, wave Heart Attack
11%
All-around Hydratic
11%
High CPS ILOVECYAN
11%
Consistency Insaction
11%
All-around Just DANCE
11%
Timings, learny, asdfmovie Last Station
11%
Learny, duals, ship Make it funky
11%
High CPS, learny Maths
11%
Learny, duals Matilda the Machine
11%
NONG, nerve control Mystic Bounds
11%
Timings, wave Neon Guts
11%
Learny niflhel
11%
Learny Obscura
11%
Memory, berdly Outside Eyesight
11%
Duals, jank, unbalanced Overlord
11%
Learny OXI
11%
All-around, chokepoints PixelSonic
11%
Timings Psychotic
11%
All-around Raindance
11%
Learny Rayovac
11%
Jank, timings, wave robotchief exposal
11%
Timings Shimmering Chamber
11%
Unbalanced, timings Snowdrift
11%
NONG, all-around TANTRUM
11%
Ship/wave TerrorCore
11%
Unbalanced, wave, jank Uprise
11%
Timings, ship/wave Vacant
11%
Learny, timings, ship verisimilitude
11%
Learny Virtual Collapse
11%
All-around Voided
11%
Timings Voluto
11%
Timings, Stupid Alcatraz
0%
Nerve control Beyond the summit
0%
Learny, ship Booh
0%
High CPS, wave DEAD OF NIGHT
0%
Timings Decay
0%
Learny Evil Depths
0%
All-around Falsch
0%
NONG, learny, high CPS imitation game
0%
Learny, timings InTerFeRenCe
0%
The End it back
0%
Ship/wave, unbalanced Malware II
0%
NONG, ship Me Lin A
0%
Timings, consistency Misty Mountains
0%
Ship/wave, unbalanced Paralysis
0%
Timings Party Rock Anthem
0%
All-around Penombre
0%
Ship/wave, unbalanced Proteus
0%
Timings pulsation
0%
Learny, wave The Tears Beneath
0%
Ship The Ultimate Demon
0%
Learny, wave Twitch Denan
0%
Learny Uplink
0%
NONG, ball V O L L E Y
0%
No matching quizzes found
Score Distribution
Percent of People with Each Score
Percentile by Number Answered
Your Score History
You have not taken this quiz since the last reset